000
00334nam a2200133Ia 4500
008
240624s9999 xx 000 0 und d
041
_a
eng
082
_a
368 CHA
100
_a
TSE YIU KUEN
245
_a
FINANCIAL AND ACTUARIAL MATHEMATICS
260
_c
2007
_a
Singaphore
_b
McGraw-Hill Education
300
_a
352 : p
365
_c
_b
30
999
_c
15177
_d
15177